BIBLIOTHÈQUE DE LA MAISON DU MEXIQUE

Logo 1 Logo 2

Historia natural y moral de las Indias (notice nᵒ 9392)

détails MARC
000 -Sello discográfico
campo de control de longitud fija 01613nam a2200445 4500
005 - Identificación de versión
campo de control 20251017062817.0
010 ## - Número Estándar Internacional de Libros (ISBN)
Número (ISBN) 968-16-0084-3
035 ## - Otros números de control del sistema
Número de control del sistema 9845
099 ## - fechas locales
Tipo de ítem Koha LIBRO
100 ## - Datos de procesamiento general
Datos de procesamiento general 20030725d19851962m y1spay5003 ba
105 ## - Campo de datos codificados: Material textual, monográfico
Datos codificados de monografía y 001zy
200 1# - Título y mención de responsabilidad
Título propio Historia natural y moral de las Indias
Designación general del material texto impreso
Otra información del título en que se tratan de las cosas notables del cielo, elementos, metales, plantas y animales dellas y los ritos, y ceremonias, leyes y gobierno de los indios
Primer mención de responsabilidad Joseph de Acosta
Declaración de responsabilidad subsiguiente edición Edmundo O'Gorman
205 ## - Declaración de edición
Declaración de edición 2a ed rev y 2a reimpr de la 2a ed
210 ## - Publicación, distribución, etc.
Lugar de publicación, distribución, etc. México
Nombre del editor, distribuidor, etc. Fondo de Cultura Económica
Fecha de publicación, distribución, etc. 1962, 1985
215 ## - Descripción física
Designación de material específico y extensión del ítem 444 p
Dimensiones 22 cm
300 ## - Notas generales
Texto de la nota Incluye índice analítico
318 ## - Nota de acción
Acción No se presta a domicilio
345 ## - Nota de información de adquisición
Fuente de adquisición/dirección de la suscripción [OBSOLETO] Donación. Donación Alain Musset
410 #1 - Series
Título Biblioteca Americana
Nombre de parte o sección Serie de Cronistas de Indias
606 ## - Término temático usado como materia
Elemento de entrada Historia natural
Subdivisión geográfica Hispanoamérica
Número Koha 15521
606 ## - Término temático usado como materia
Elemento de entrada Indios de México
Número Koha 239
606 ## - Término temático usado como materia
Elemento de entrada Indios de Perú
Número Koha 15522
607 ## - Nombre geográfico utilizado como tema
Elemento de entrada América
Subdivisión temática Relatos
Subdivisión cronológica Hasta 1600
Número Koha 13914
660 ## - Código de área geográfica
Código MX
700 ## - Nombre personal - Responsabilidad primaria
Elemento de entrada Acosta
Parte del nombre distinta del elemento de entrada José de
Fechas 1539-1600
Número Koha 13033
702 ## - Nombre personal - Responsabilidad secundaria
Elemento de entrada O'Gorman
Parte del nombre distinta del elemento de entrada Edmundo
Fechas 1906-1995
Número Koha 2079
801 #0 - Fuente de origen
Agencia cm
900 ## -
-- 1/3975
900 ## -
-- 7100315722\250703
942 ## - ELEMENTOS DE ENTRADA SECUNDARIOS (KOHA)
Tipo de ítem Koha Livre
996 ## -
-- MEX
-- 751145101
-- MMAG
-- 003984
-- R970.1 A185H
-- 20200211LIV
996 ## -
-- MEX
-- 751145101
-- MMAG
-- 007071
-- 970.1 A185H
-- 20221125LIV
Exemplaires
Estatus retirado Estado de daño Estado de pérdida Fecha de adquisición Biblioteca de origen Biblioteca actual Ubicación en estantería Código de barras Precio de reemplazo Signatura topográfica completa No para préstamo Tipo de ítem Koha Nota pública Nota no pública
      05/08/2025 Casa México Paris Casa México Paris   003984 05/08/2025 R970.1 A185H No se presta a domicilio Livre 20200211LIV 751145101